MARC details
| 000 -LEADER |
| fixed length control field |
02384nam a2200205 4500 |
| 008 - FIXED-LENGTH DATA ELEMENTS--GENERAL INFORMATION |
| fixed length control field |
s2003 fr fre u |
| 040 ## - CATALOGING SOURCE |
| Original cataloging agency |
LB-BrCRDP |
| 082 1# - DEWEY DECIMAL CLASSIFICATION NUMBER |
| Classification number |
371.9 |
| Item number |
BEL. |
| 100 1# - MAIN ENTRY--PERSONAL NAME |
| Personal name |
BELMONT, Brigitte |
| 245 10 - TITLE STATEMENT |
| Title |
Diversité et handicap à l'école |
| Remainder of title |
Quelles pratiques éducatives pour tous |
| Statement of responsibility, etc. |
Brigitte BELMONT, Aliette VÉRILLON, CRESAS |
| 260 ## - PUBLICATION, DISTRIBUTION, ETC. |
| Place of publication, distribution, etc. |
Paris |
| Name of publisher, distributor, etc. |
Institut National de recherche pédagogique |
| Date of publication, distribution, etc. |
2003 |
| 260 ## - PUBLICATION, DISTRIBUTION, ETC. |
| Place of publication, distribution, etc. |
Paris |
| Name of publisher, distributor, etc. |
Centre technique national d'études et de recherche sur les handicaps et les inadaptations |
| Date of publication, distribution, etc. |
2003 |
| 520 ## - SUMMARY, ETC. |
| Summary, etc. |
Promouvoir des solutions d'éducation en milieu ordinaire.C'est la tendance actuelle, au plan international, dans l'évolution des idées et des politiques éducatives concernant les enfants en situation de handicap. Un mouvement se dessine pour concevoir une école plus inclusive, dans le sens anglais du terme, en mesure d'accueillir la diversité des enfants. Cette orientation suppose une évolution globale du fonctionnement scolaire et des pratiques éducatives: la scolarisation en milieu ordinaire des enfants ayant des besoins éducatifs particuliers est alors à resituer dans le cadre plus large de la prise en compte de l'hétérogénéité du public scolaire.Issu d'un séminaire européen, organisé à l'Institut national de recherche pédagogique en 2000, sur le thème Intégration et pratiques éducatives pour tous, cet ouvrage analyse des expériences variées qui, dans les contextes socioculturels et politiques de différents pays, s'inscrivent dans cette perspective: organisations pédagogiques visant la participation de tous les élèves, aménagement des parcours scolaires et des procédures d'évaluation, travail d'accompagnement des professionnels spécialisés auprès des équipes d'accueil démarches d'innovation s'inscrivant dans une dynamique d'école.Ce livre s'adresse tant aux professionnels de l'éducation et de la santé, et aux parents, qu'aux chercheurs. A partir de réflexions sur les conditions favorisant l'intégration, il suggère des pistes de travail pour faire évoluer les pratiques éducatives vers une meilleure prise en compte de la diversité des élèves. |
| 650 4# - SUBJECT ADDED ENTRY--TOPICAL TERM |
| Topical term or geographic name entry element |
Difficultés d'apprentissage |
| 650 4# - SUBJECT ADDED ENTRY--TOPICAL TERM |
| Topical term or geographic name entry element |
Enseignement spécialisé |
| 700 1# - ADDED ENTRY--PERSONAL NAME |
| Personal name |
VÉRILLON, Aliette |
| 700 1# - ADDED ENTRY--PERSONAL NAME |
| Personal name |
CRESAS |
| 942 ## - ADDED ENTRY ELEMENTS (KOHA) |
| Koha item type |
Books |